000 00517nam a2200121Ia 4500
008 171212s9999 xx 000 0 und d
020 _a9780833081438
100 _aSavitz, Scott;Blickstein, Irv;Buryk, Peter;Button, Robert W.;DeLuca, Paul
245 _cSavitz, Scott;Blickstein, Irv;Buryk, Peter;Button, Robert W.;DeLuca, Paul
_aU.S. Navy Employment Options for Unmanned Surface Vehicles (USVs)
260 _bRAND Corporation
_c2013
650 _aTechnology
856 _uhttp://www.jstor.org/stable/10.7249/j.ctt5vjw3v
999 _c352768
_d352768